[Event "Medicine Hat op"]
[Site "Medicine Hat CAN"]
[Date "2025.06.14"]
[Round "1"]
[White "Toponce, Cole"]
[Black "Scholz, Mike"]
[Result "1-0"]
[WhiteElo "1586"]
[BlackElo "1417"]
[WhiteFideId "-1"]
[WhiteFideId "-1"]
[PlyCount "103"]
[GameId "2195294456058340"]
[EventDate "2025.06.14"]
[EventType "swiss"]
[EventRounds "5"]
[EventCountry "CAN"]

1. c4 Nf6 2. Nc3 Nc6 3. Nf3 e6 4. g3 g6 5. Bg2 Bg7 6. O-O O-O 7. d4 d5 8. cxd5 exd5 9. Bf4 a6 10. Rc1 Be6 11. Ne5 Rc8 12. Nxc6 bxc6 13. Qa4 Ne4 14. Nxe4 dxe4 15. Bxe4 Qxd4 16. Qxd4 Bxd4 17. b3 c5 18. e3 f5 19. Bb7 Rb8 20. Bxa6 Bg7 21. Bc4 Bxc4 22. Rxc4 Rf7 23. Rxc5 Rc8 24. Rfc1 Bf8 25. Rxc7 Rfxc7 26. Rxc7 Rxc7 27. Bxc7 Kf7 28. Kf1 Ke6 29. Ke2 Ba3 30. Kd3 Kd5 31. f3 Bb4 32. a4 Kc6 33. Kc4 Bd2 34. Bf4 Ba5 35. b4 Bd8 36. a5 Kb7 37. Kb5 Be7 38. e4 h5 39. a6+ Ka8 40. Be3 Kb8 41. Bc5 Bf6 42. a7+ Kb7 43. a8=Q+ Kxa8 44. Kc6 h4 45. exf5 gxf5 46. b5 hxg3 47. hxg3 Be5 48. f4 Bb8 49. b6 Bc7 50. b7+ Kb8 51. Ba7+ Kxa7 52. Kxc7 1-0

[Event "Medicine Hat op"]
[Site "Medicine Hat CAN"]
[Date "2025.06.14"]
[Round "1"]
[White "Viminitz, Paul"]
[Black "Boyd, Doug"]
[Result "0-1"]
[WhiteElo "1481"]
[BlackElo "1628"]
[WhiteFideId "-1"]
[WhiteFideId "-1"]
[PlyCount "104"]
[GameId "2195294456058339"]
[EventDate "2025.06.14"]
[EventType "swiss"]
[EventRounds "5"]
[EventCountry "CAN"]

1. Nf3 d5 2. g3 Nf6 3. Bg2 Nc6 4. O-O e5 5. d3 Bd6 6. c4 d4 7. Re1 O-O 8. e4 Bd7 9. a3 a5 10. Qc2 Qc8 11. Bg5 Be7 12. Nbd2 h6 13. Bxf6 Bxf6 14. Nb3 b6 15. Qe2 Bh3 16. Qf1 Bxg2 17. Qxg2 Qe6 18. Nbd2 Ne7 19. b4 axb4 20. axb4 Qd6 21. b5 Ra3 22. Rxa3 Qxa3 23. Qf1 Ra8 24. Rb1 Ng6 25. Nb3 Qd6 26. Ra1 Rxa1 27. Qxa1 Be7 28. Qa8+ Kh7 29. Qc8 Qb4 30. Nfd2 Bd6 31. Kf1 Qa3 32. h4 Ne7 33. Qa6 Qb2 34. Qa1 Qxa1+ 35. Nxa1 Bb4 36. Ke2 c5 37. Nc2 Bxd2 38. Kxd2 Kg6 39. g4 Kf6 40. Ne1 Ng6 41. Nf3 Nf4 42. h5 Nh3 43. Ke2 Ng5 44. Nd2 Nh3 45. Nb3 Ke6 46. Kf1 Nf4 47. Nc1 g6 48. hxg6 fxg6 49. f3 Kf6 50. Kf2 h5 51. Kg3 Kg5 52. gxh5 gxh5 0-1

[Event "Medicine Hat op"]
[Site "Medicine Hat CAN"]
[Date "2025.06.14"]
[Round "2"]
[White "Boyd, Doug"]
[Black "Toponce, Cole"]
[Result "0-1"]
[WhiteElo "1628"]
[BlackElo "1586"]
[WhiteFideId "-1"]
[WhiteFideId "-1"]
[PlyCount "100"]
[GameId "2195294456254954"]
[EventDate "2025.06.14"]
[EventType "swiss"]
[EventRounds "5"]
[EventCountry "CAN"]

1. d4 d5 2. Bf4 Nf6 3. e3 e6 4. Nd2 c5 5. c3 Nc6 6. Ngf3 c4 7. b3 b5 8. a4 b4 9. bxc4 bxc3 10. Nb3 Bb4 11. Qc2 dxc4 12. Bxc4 O-O 13. O-O Na5 14. Bd3 Qd5 15. Nxa5 Bxa5 16. Be5 h6 17. Bxf6 gxf6 18. Be4 Qh5 19. Bxa8 Ba6 20. Be4 Kh8 21. Rfd1 Rd8 22. g3 f5 23. Bd3 Bxd3 24. Rxd3 Qxf3 25. Rb1 Qe4 26. Rb5 Rc8 27. Rc5 Rxc5 28. dxc5 Qc4 29. Rd4 Qxc5 30. Rd1 Kg7 31. h4 Bb4 32. Rd3 a5 33. Rd1 Qc7 34. Rd4 Kg6 35. g4 h5 36. gxf5+ exf5 37. Rd5 Qc8 38. e4 f4 39. Rg5+ Kh6 40. Rf5 Qc7 41. e5 Qc4 42. Rf6+ Kg7 43. Rf5 f3 44. Rg5+ Kf8 45. Rg3 Qe2 46. Qf5 Qe1+ 47. Kh2 Qxf2+ 48. Kh1 Qxg3 49. Qg5 Qh3+ 50. Kg1 Bc5+ 0-1

[Event "Medicine Hat op"]
[Site "Medicine Hat CAN"]
[Date "2025.06.14"]
[Round "2"]
[White "Dunn, Garth"]
[Black "Sehn, Isaiah"]
[Result "0-1"]
[WhiteElo "1582"]
[BlackElo "1995"]
[WhiteFideId "-1"]
[WhiteFideId "-1"]
[PlyCount "70"]
[GameId "2195294456254953"]
[EventDate "2025.06.14"]
[EventType "swiss"]
[EventRounds "5"]
[EventCountry "CAN"]

1. d4 Nf6 2. Nc3 d5 3. Bf4 e6 4. e3 Bd6 5. Nh3 O-O 6. Bd3 Nc6 7. a3 e5 8. Bg5 Be6 9. Qd2 e4 10. Be2 Be7 11. Nf4 h6 12. Nxe6 fxe6 13. Bf4 Bd6 14. Bg3 a6 15. O-O-O b5 16. Nb1 b4 17. a4 Na5 18. b3 c5 19. Bxd6 Qxd6 20. dxc5 Qxc5 21. Qd4 Nxb3+ 22. Kb2 Nxd4 23. Rxd4 Rfc8 24. Rc1 e5 25. Rd2 d4 26. exd4 exd4 27. Rcd1 Nd5 28. Rxd4 Qxc2+ 29. Ka1 Qxe2 30. Rxd5 Rc2 31. R1d2 Rxd2 32. Rxd2 Qc4 33. Kb2 Rc8 34. g3 Qc1+ 35. Ka1 Rc2 0-1

[Event "Medicine Hat op"]
[Site "Medicine Hat CAN"]
[Date "2025.06.14"]
[Round "2"]
[White "Scholz, Mike"]
[Black "Sunley, Ryan"]
[Result "1-0"]
[WhiteElo "1417"]
[BlackElo "1213"]
[WhiteFideId "-1"]
[WhiteFideId "-1"]
[PlyCount "34"]
[GameId "2195294456254959"]
[EventDate "2025.06.14"]
[EventType "swiss"]
[EventRounds "5"]
[EventCountry "CAN"]

1. e4 e5 2. Nc3 Qg5 3. d4 Qe7 4. Nd5 Qd6 5. Be3 c6 6. Nc3 f6 7. Nf3 Na6 8. Bxa6 bxa6 9. dxe5 Qxd1+ 10. Rxd1 Rb8 11. b3 c5 12. O-O Ne7 13. Bxc5 fxe5 14. Bxa7 Rb7 15. Bc5 Ng6 16. Bxf8 Rxf8 17. Rd5 d6 1-0

[Event "Medicine Hat op"]
[Site "Medicine Hat CAN"]
[Date "2025.06.14"]
[Round "2"]
[White "Szulski, Adam"]
[Black "Gibson, Robert"]
[Result "0-1"]
[WhiteElo "1488"]
[BlackElo "1516"]
[WhiteFideId "-1"]
[WhiteFideId "-1"]
[PlyCount "86"]
[GameId "2195294456254957"]
[EventDate "2025.06.14"]
[EventType "swiss"]
[EventRounds "5"]
[EventCountry "CAN"]

1. e4 e6 2. d4 b6 3. Nf3 Bb7 4. Nc3 Bb4 5. Bd3 Nf6 6. Bg5 h6 7. Bxf6 Qxf6 8. O-O O-O 9. a3 Bxc3 10. bxc3 c5 11. Re1 d6 12. Bc4 e5 13. d5 Bc8 14. h3 Qg6 15. Kh1 f5 16. Nh4 Qg5 17. Nf3 Qe7 18. exf5 Bxf5 19. Re3 Kh8 20. Nh2 Nd7 21. Qe2 Qf7 22. g4 Bh7 23. Rf1 Rae8 24. f3 Qf4 25. Bd3 Nf6 26. c4 h5 27. Bxh7 Kxh7 28. Kg2 h4 29. Kh1 Ng8 30. Re4 Qf7 31. g5 Ne7 32. Rxh4+ Kg8 33. Rg4 Qh5 34. Kg2 Rf4 35. Qd2 Ng6 36. Rg3 Ref8 37. Qd3 Rh4 38. Qc3 Rxh3 39. Ng4 Rxg3+ 40. Kxg3 Qh4+ 41. Kg2 Nf4+ 42. Kg1 Qg3+ 43. Kh1 Qg2# 0-1

[Event "Medicine Hat op"]
[Site "Medicine Hat CAN"]
[Date "2025.06.14"]
[Round "2"]
[White "Trentalance, Josiah"]
[Black "Guzzi, Brodie"]
[Result "1/2-1/2"]
[WhiteElo "1553"]
[BlackElo "1568"]
[WhiteFideId "-1"]
[WhiteFideId "-1"]
[PlyCount "61"]
[GameId "2195294456254955"]
[EventDate "2025.06.14"]
[EventType "swiss"]
[EventRounds "5"]
[EventCountry "CAN"]

1. e4 e5 2. Nc3 Nc6 3. Bc4 Nf6 4. d3 Bc5 5. f4 d6 6. Nf3 Bd7 7. Na4 Bb6 8. Nxb6 axb6 9. O-O h6 10. c3 Na5 11. Bb3 Nxb3 12. Qxb3 Be6 13. c4 O-O 14. fxe5 dxe5 15. Rd1 Bg4 16. Be3 Bxf3 17. gxf3 Re8 18. d4 Nd7 19. d5 Qf6 20. Rf1 Qg6+ 21. Kh1 Kh7 22. Rg1 Qh5 23. Rg3 f5 24. Rag1 Rg8 25. Bf2 fxe4 26. fxe4 Raf8 27. Qe3 Nf6 28. Rh3 Qf7 29. Rf3 Qh5 30. Rh3 Qf7 31. Rf3 1/2-1/2

[Event "Medicine Hat op"]
[Site "Medicine Hat CAN"]
[Date "2025.06.14"]
[Round "3"]
[White "Gibson, Robert"]
[Black "Boyd, Doug"]
[Result "0-1"]
[WhiteElo "1516"]
[BlackElo "1628"]
[WhiteFideId "-1"]
[WhiteFideId "-1"]
[PlyCount "116"]
[GameId "2195294456254962"]
[EventDate "2025.06.14"]
[EventType "swiss"]
[EventRounds "5"]
[EventCountry "CAN"]

1. e4 c6 2. d4 d5 3. e5 c5 4. dxc5 Nc6 5. f4 e6 6. a3 Bxc5 7. b4 Bxg1 8. Rxg1 Qh4+ 9. g3 Qe7 10. Qg4 f6 11. Bb2 fxe5 12. fxe5 Nh6 13. Qf4 Nf7 14. Nd2 O-O 15. Qe3 Bd7 16. Bd3 Qg5 17. Qxg5 Nxg5 18. O-O-O Nf3 19. Nxf3 Rxf3 20. Rgf1 Rff8 21. Rxf8+ Rxf8 22. Rf1 Rf7 23. h4 Rxf1+ 24. Bxf1 Kf7 25. Bd3 h6 26. h5 a6 27. Kd2 d4 28. Be2 Nxe5 29. Bxd4 Nc6 30. Bc3 e5 31. Bd3 Kf6 32. Ke3 Bg4 33. Bg6 Bf5 34. Bxf5 Kxf5 35. Kf3 Nd4+ 36. Bxd4 exd4 37. a4 b6 38. a5 b5 39. g4+ Ke5 40. g5 hxg5 41. Kg4 Kf6 42. Kf3 Kf5 43. Kg3 g4 44. Kh4 g3 45. Kxg3 Kg5 46. Kf3 Kxh5 47. Ke4 g5 48. Kxd4 g4 49. Ke3 Kh4 50. Kf2 Kh3 51. Kg1 g3 52. c3 g2 53. c4 bxc4 54. b5 c3 55. b6 c2 56. b7 c1=Q+ 57. Kf2 g1=Q+ 58. Kf3 Qge3# 0-1

[Event "Medicine Hat op"]
[Site "Medicine Hat CAN"]
[Date "2025.06.14"]
[Round "3"]
[White "Sehn, Isaiah"]
[Black "Toponce, Cole"]
[Result "0-1"]
[WhiteElo "1995"]
[BlackElo "1586"]
[WhiteFideId "-1"]
[WhiteFideId "-1"]
[PlyCount "74"]
[GameId "2195294456254960"]
[EventDate "2025.06.14"]
[EventType "swiss"]
[EventRounds "5"]
[EventCountry "CAN"]

1. d4 d5 2. c4 e6 3. Nf3 Nf6 4. Bg5 Be7 5. e3 b6 6. Nc3 O-O 7. Bd3 dxc4 8. Bxc4 Bb7 9. O-O Nbd7 10. Re1 c5 11. Qe2 cxd4 12. exd4 Rc8 13. Bb3 a6 14. Red1 Re8 15. Ne5 Nd5 16. Bd2 Nxc3 17. Bxc3 Bd6 18. g3 b5 19. Rac1 Nf6 20. f3 Nd5 21. Bc2 g6 22. Be4 Bxe5 23. dxe5 Nxc3 24. Rxc3 Qb6+ 25. Kf1 Rxc3 26. bxc3 Bxe4 27. Qxe4 Qc5 28. Rc1 Rc8 29. f4 a5 30. Qd3 Qa3 31. Qc2 Rd8 32. Rb1 Qc5 33. Qe2 Qxc3 34. Qxb5 Rd2 35. Qb3 Qc5 36. Qf3 Qc2 37. Rb8+ Kg7 0-1

[Event "Medicine Hat op"]
[Site "Medicine Hat CAN"]
[Date "2025.06.14"]
[Round "3"]
[White "Viminitz, Paul"]
[Black "Szulski, Adam"]
[Result "0-1"]
[WhiteElo "1481"]
[BlackElo "1488"]
[WhiteFideId "-1"]
[WhiteFideId "-1"]
[PlyCount "80"]
[GameId "2195294456254965"]
[EventDate "2025.06.14"]
[EventType "swiss"]
[EventRounds "5"]
[EventCountry "CAN"]

1. Nf3 d5 2. g3 Nf6 3. Bg2 g6 4. b3 Bg7 5. Bb2 O-O 6. O-O c5 7. d3 Nc6 8. Nbd2 Re8 9. c3 e5 10. Qc2 Bf5 11. e4 dxe4 12. dxe4 Be6 13. Rad1 Qc7 14. a3 Nd7 15. Ng5 f6 16. Nxe6 Rxe6 17. Bh3 Re7 18. Nc4 Nd8 19. Ne3 Nb6 20. c4 Nc6 21. Nd5 Nxd5 22. cxd5 Nd4 23. Bxd4 exd4 24. Be6+ Kh8 25. Rc1 b6 26. b4 Bh6 27. f4 g5 28. bxc5 gxf4 29. cxb6 Qxb6 30. Qc5 Rg7 31. Qxb6 axb6 32. Rc8+ Rxc8 33. Bxc8 Rc7 34. Be6 Bf8 35. Rxf4 Be7 36. Rf3 Rc3 37. Rf2 d3 38. Rd2 Bxa3 39. Kf1 Rc1+ 40. Kg2 Rc2 0-1

[Event "Medicine Hat op"]
[Site "Medicine Hat CAN"]
[Date "2025.06.15"]
[Round "4"]
[White "Boyd, Doug"]
[Black "Sehn, Isaiah"]
[Result "0-1"]
[WhiteElo "1628"]
[BlackElo "1995"]
[WhiteFideId "-1"]
[WhiteFideId "-1"]
[PlyCount "44"]
[GameId "2195294456553975"]
[EventDate "2025.06.14"]
[EventType "swiss"]
[EventRounds "5"]
[EventCountry "CAN"]

1. d4 Nf6 2. Bf4 d5 3. e3 c5 4. c3 Nc6 5. Nd2 Qb6 6. Qb3 e6 7. Ngf3 Nd7 8. Qc2 g6 9. h4 Bg7 10. h5 e5 11. h6 Bf6 12. Bg5 cxd4 13. exd4 exd4 14. Bxf6 Nxf6 15. Nb3 dxc3 16. Qxc3 Qb4 17. Nbd2 Qxc3 18. bxc3 O-O 19. O-O-O Ng4 20. Re1 Nxf2 21. Rg1 Bf5 22. Re3 Ng4 0-1

[Event "Medicine Hat op"]
[Site "Medicine Hat CAN"]
[Date "2025.06.15"]
[Round "4"]
[White "Szulski, Adam"]
[Black "Sunley, Ryan"]
[Result "1-0"]
[WhiteElo "1488"]
[BlackElo "1213"]
[WhiteFideId "-1"]
[WhiteFideId "-1"]
[PlyCount "55"]
[GameId "2195294456553979"]
[EventDate "2025.06.14"]
[EventType "swiss"]
[EventRounds "5"]
[EventCountry "CAN"]

1. e4 e5 2. Nf3 d6 3. d4 Nf6 4. Nc3 Nc6 5. d5 Ne7 6. h3 h6 7. Bc4 a6 8. a4 c6 9. dxc6 Nxc6 10. O-O Na5 11. Ba2 Be7 12. Be3 b6 13. b4 Nc6 14. b5 axb5 15. axb5 Nb4 16. Bxf7+ Kxf7 17. Rxa8 Qc7 18. Qd2 Qb7 19. Ra4 d5 20. exd5 Bf5 21. Nxe5+ Kf8 22. d6 Bxc2 23. dxe7+ Qxe7 24. Rxb4 Qxb4 25. Qxc2 Kg8 26. Rd1 g5 27. Rd8+ Kg7 28. Qg6# 1-0

[Event "Medicine Hat op"]
[Site "Medicine Hat CAN"]
[Date "2025.06.15"]
[Round "4"]
[White "Viminitz, Paul"]
[Black "Gibson, Robert"]
[Result "1/2-1/2"]
[WhiteElo "1481"]
[BlackElo "1516"]
[WhiteFideId "-1"]
[WhiteFideId "-1"]
[PlyCount "132"]
[GameId "2195294456553978"]
[EventDate "2025.06.14"]
[EventType "swiss"]
[EventRounds "5"]
[EventCountry "CAN"]

1. Nf3 b6 2. g3 Bb7 3. Bg2 e6 4. d3 d5 5. O-O Nf6 6. b3 Be7 7. Bb2 c5 8. Nbd2 O-O 9. Re1 Nc6 10. e4 d4 11. e5 Nd5 12. a4 Nc3 13. Bxc3 dxc3 14. Ne4 Nd4 15. Nxc3 Nxf3+ 16. Bxf3 Bxf3 17. Qxf3 f6 18. Qc6 Kh8 19. Qxe6 fxe5 20. Ne4 Bf6 21. Nxf6 gxf6 22. Qc4 Qd6 23. f4 exf4 24. Qxf4 Qxf4 25. gxf4 Rg8+ 26. Kf2 Rg7 27. Rg1 h6 28. Rxg7 Kxg7 29. Rg1+ Kf7 30. Kf3 f5 31. Re1 Rd8 32. Rd1 Rc8 33. c3 Kf6 34. Ke2 Re8+ 35. Kd2 Rg8 36. Re1 Rg2+ 37. Re2 Rg4 38. Ke3 Rg1 39. d4 Rb1 40. d5 Rxb3 41. Kd3 Rb1 42. Re6+ Kf7 43. Rxh6 Ke7 44. Rh7+ Kd6 45. Kc4 Rf1 46. Rh4 Re1 47. Rh6+ Kd7 48. Kb5 Re4 49. Rh7+ Kd6 50. Rxa7 Kxd5 51. Kxb6 Rxf4 52. a5 Rf2 53. Rf7 Rb2+ 54. Kc7 Rxh2 55. Rxf5+ Kc4 56. a6 Rb2 57. Rf6 Kxc3 58. Rh6 Ra2 59. Kb7 c4 60. a7 Rxa7+ 61. Kxa7 Kd2 62. Rd6+ Kc2 63. Kb6 c3 64. Kb5 Kb1 65. Rd4 c2 66. Rb4+ Ka1 1/2-1/2

[Event "Medicine Hat op"]
[Site "Medicine Hat CAN"]
[Date "2025.06.15"]
[Round "5"]
[White "Gibson, Robert"]
[Black "Guzzi, Brodie"]
[Result "1/2-1/2"]
[WhiteElo "1516"]
[BlackElo "1568"]
[WhiteFideId "-1"]
[WhiteFideId "-1"]
[PlyCount "86"]
[GameId "2195294456553983"]
[EventDate "2025.06.14"]
[EventType "swiss"]
[EventRounds "5"]
[EventCountry "CAN"]

1. e4 e5 2. Nc3 Nc6 3. Bc4 Nf6 4. d3 Be7 5. f4 d6 6. Nf3 Be6 7. Bxe6 fxe6 8. fxe5 dxe5 9. O-O O-O 10. Kh1 Qe8 11. Be3 Ng4 12. Bg1 Qh5 13. Qd2 h6 14. Ne2 Rf6 15. Ng3 Qg6 16. h3 Rxf3 17. Rxf3 Nf6 18. c3 Rd8 19. Qe2 a5 20. Nf1 Nh5 21. Bh2 Bd6 22. Ne3 Nf6 23. Raf1 Rf8 24. Qc2 Qe8 25. Qb3 b6 26. Nc4 Qd7 27. Nxd6 Qxd6 28. d4 Rd8 29. dxe5 Nxe5 30. Qb5 Nfd7 31. Rf7 c6 32. Qe2 Nf6 33. Rb7 b5 34. Rd1 Qc5 35. Bxe5 Qxe5 36. Qf3 Rf8 37. Qd3 Nxe4 38. Kg1 Nf2 39. Qd4 Nxh3+ 40. Kh1 Nf2+ 41. Kg1 Nh3+ 42. Kh1 Nf2+ 43. Kg1 Nh3+ 1/2-1/2

[Event "Medicine Hat op"]
[Site "Medicine Hat CAN"]
[Date "2025.06.15"]
[Round "5"]
[White "Sunley, Ryan"]
[Black "Viminitz, Paul"]
[Result "0-1"]
[WhiteElo "1213"]
[BlackElo "1481"]
[WhiteFideId "-1"]
[WhiteFideId "-1"]
[PlyCount "80"]
[GameId "2195294456553986"]
[EventDate "2025.06.14"]
[EventType "swiss"]
[EventRounds "5"]
[EventCountry "CAN"]

1. d4 g6 2. Nf3 Bg7 3. c3 Nf6 4. Nbd2 O-O 5. e4 d6 6. Be2 b6 7. O-O Bb7 8. d5 Nbd7 9. c4 Rc8 10. Rb1 c6 11. b3 cxd5 12. exd5 Nc5 13. Bb2 e6 14. b4 Ncd7 15. dxe6 fxe6 16. a3 Qe7 17. Re1 Qf7 18. h3 d5 19. Ne5 Nxe5 20. Bxe5 Rfd8 21. c5 bxc5 22. b5 c4 23. a4 c3 24. Bxf6 Bxf6 25. Rc1 cxd2 26. Qxd2 Rxc1 27. Rxc1 Rc8 28. Rxc8+ Bxc8 29. Qa5 Qb7 30. f3 Qb6+ 31. Qxb6 axb6 32. Bd3 Bd4+ 33. Kh2 e5 34. Kg3 Bf5 35. Be2 Bc2 36. f4 Bxa4 37. fxe5 Bxe5+ 38. Kf2 Bb3 39. Ke3 Bc4 40. Bxc4 dxc4 0-1

[Event "Medicine Hat op"]
[Site "Medicine Hat CAN"]
[Date "2025.06.15"]
[Round "5"]
[White "Toponce, Cole"]
[Black "Dunn, Garth"]
[Result "1-0"]
[WhiteElo "1586"]
[BlackElo "1582"]
[WhiteFideId "-1"]
[WhiteFideId "-1"]
[PlyCount "79"]
[GameId "2195294456553981"]
[EventDate "2025.06.14"]
[EventType "swiss"]
[EventRounds "5"]
[EventCountry "CAN"]

1. c4 Nf6 2. Nf3 c5 3. Nc3 g6 4. g3 Bg7 5. Bg2 Nc6 6. O-O d6 7. d4 cxd4 8. Nxd4 Bd7 9. b3 O-O 10. Bb2 Qb6 11. e3 Rfe8 12. Nce2 Ne5 13. Qd2 Rad8 14. Rac1 a6 15. Bc3 Rc8 16. Rfd1 h5 17. h4 Nfg4 18. Nf4 Nf6 19. Ba5 Qa7 20. Qb4 Nc6 21. Qb6 Qa8 22. Be1 e5 23. Nxc6 Bxc6 24. Nd5 Nxd5 25. cxd5 Bb5 26. Bb4 e4 27. Bxd6 Be2 28. Re1 Bf3 29. Bc7 Be5 30. d6 Bxd6 31. Qxd6 Re6 32. Qf4 b5 33. Ba5 Rce8 34. Rc7 R6e7 35. Rec1 Qd5 36. Qf6 Re5 37. Bc3 Qe6 38. Bxe5 Qxf6 39. Bxf6 Re6 40. Rc8+ 1-0

[Event "Medicine Hat op"]
[Site "Medicine Hat CAN"]
[Date "2025.06.15"]
[Round "5"]
[White "Trentalance, Josiah"]
[Black "Szulski, Adam"]
[Result "1-0"]
[WhiteElo "1553"]
[BlackElo "1488"]
[WhiteFideId "-1"]
[WhiteFideId "-1"]
[PlyCount "93"]
[GameId "2195294456553984"]
[EventDate "2025.06.14"]
[EventType "swiss"]
[EventRounds "5"]
[EventCountry "CAN"]

1. e4 c5 2. Nf3 d6 3. c3 Nf6 4. h3 e5 5. Bd3 h6 6. Bc2 Nc6 7. O-O Be7 8. d4 cxd4 9. cxd4 exd4 10. Nxd4 Qb6 11. Nxc6 bxc6 12. Nc3 O-O 13. Re1 Be6 14. b3 Nd7 15. Na4 Qc7 16. Ba3 Rfd8 17. Qe2 Nb6 18. Nb2 c5 19. Nc4 Bf6 20. Rac1 Nxc4 21. bxc4 Bd4 22. Bb3 Bf6 23. Bb2 Bg5 24. Rcd1 Be7 25. f4 Bh4 26. Rf1 f5 27. Qh5 Be7 28. exf5 Bf7 29. Qg4 Bf8 30. Rf3 Be8 31. f6 Qd7 32. Qh4 g6 33. Bc2 Qh7 34. Be4 Rab8 35. Ba1 Bf7 36. Rg3 Rb4 37. Bxg6 Bxg6 38. f5 Qf7 39. Rxg6+ Kh7 40. Re1 Rd7 41. Bc3 Rxc4 42. Qg3 d5 43. Bd2 Re4 44. Rxe4 dxe4 45. Qe3 Rxd2 46. Qxd2 Qe8 47. Qd5 1-0

[Event "Mercredi 2025.01.08 ABCD"]
[Site "Montreal CAN"]
[Date "2025.01.08"]
[Round "1"]
[White "Barko, Maxim"]
[Black "Ali, Nehad"]
[Result "0-1"]
[WhiteElo "1955"]
[BlackElo "1939"]
[WhiteFideId "-1"]
[WhiteFideId "-1"]
[PlyCount "80"]
[GameId "2142799102540583"]
[EventDate "2025.01.08"]
[EventType "tourn"]
[EventRounds "5"]
[EventCountry "CAN"]

1. d4 d5 2. c4 c6 3. Nf3 Nf6 4. Nc3 a6 5. Qd3 e6 6. e4 Bb4 7. e5 Ne4 8. Nd2 Nxc3 9. bxc3 Be7 10. Qg3 g6 11. Nf3 dxc4 12. h4 h6 13. Bxc4 b5 14. Bd3 Bb7 15. a4 b4 16. Bd2 c5 17. cxb4 cxb4 18. O-O Nc6 19. Be3 Na5 20. Rfd1 Rc8 21. Rac1 Nb3 22. Rxc8 Qxc8 23. a5 Nxa5 24. Rc1 Qd8 25. d5 Bxd5 26. Bxa6 Nb7 27. Rd1 Qa5 28. Bd3 b3 29. Rb1 Nc5 30. Bxg6 fxg6 31. Qxg6+ Kd7 32. Bxh6 Ne4 33. Nd4 Qa2 34. Rf1 b2 35. Nxe6 b1=Q 36. Nc5+ Bxc5 37. Qg7+ Be7 38. e6+ Bxe6 39. Qd4+ Bd6 40. Qg7+ Kc6 0-1

[Event "Mercredi 2025.01.08 ABCD"]
[Site "Montreal CAN"]
[Date "2025.01.08"]
[Round "1"]
[White "Batorshyn, Ilia"]
[Black "Leveille, Francois"]
[Result "0-1"]
[WhiteElo "2209"]
[BlackElo "2275"]
[WhiteFideId "-1"]
[WhiteFideId "-1"]
[PlyCount "88"]
[GameId "2142799102364414"]
[EventDate "2025.01.08"]
[EventType "tourn"]
[EventRounds "5"]
[EventCountry "CAN"]

1. d4 d5 2. c4 Nc6 3. Nf3 Bg4 4. cxd5 Bxf3 5. gxf3 Qxd5 6. e3 e5 7. Nc3 Bb4 8. Bd2 Bxc3 9. bxc3 Qd6 10. f4 exf4 11. e4 Nge7 12. Qf3 O-O 13. Bxf4 Qa3 14. Bc1 Qa5 15. Bd2 Rad8 16. Rg1 Ng6 17. a4 a6 18. Bc4 Qb6 19. h4 Nce5 20. Qe2 Nxc4 21. Qxc4 Nxh4 22. Qe2 Ng6 23. Rg5 Rfe8 24. f3 Qb2 25. Rd1 Qa2 26. Kf2 Qxa4 27. f4 Rxe4 28. Qxe4 Qxd1 29. Be3 Qa4 30. f5 Re8 31. Qb1 Nf8 32. Rg3 Qc6 33. Bf4 b5 34. Be5 g6 35. Qc1 Nd7 36. Bf4 Nf6 37. Kg1 Qe4 38. Be5 Nh5 39. Rg2 Qxf5 40. Qh6 f6 41. Rf2 Qg4+ 42. Rg2 Qd1+ 43. Kh2 fxe5 44. Rg1 Qf3 0-1

[Event "Mercredi 2025.01.08 ABCD"]
[Site "Montreal CAN"]
[Date "2025.01.08"]
[Round "1"]
[White "Boudreau, Daniel"]
[Black "Nesterov, Timour"]
[Result "0-1"]
[WhiteElo "1906"]
[BlackElo "1954"]
[WhiteFideId "-1"]
[WhiteFideId "-1"]
[PlyCount "104"]
[GameId "2142799102540582"]
[EventDate "2025.01.08"]
[EventType "tourn"]
[EventRounds "5"]
[EventCountry "CAN"]

1. e4 c5 2. Nf3 Nc6 3. Bb5 Nd4 4. Nxd4 cxd4 5. O-O e5 6. d3 a6 7. Ba4 b5 8. Bb3 Nf6 9. f4 d6 10. Nd2 Be7 11. Nf3 Qc7 12. a4 b4 13. a5 O-O 14. Bd2 Be6 15. Bxe6 fxe6 16. Qb1 Rab8 17. Rc1 exf4 18. Qa2 d5 19. e5 Ng4 20. Re1 Qxc2 21. Rad1 Qc5 22. Rc1 Qb5 23. h3 b3 24. Qb1 Ne3 25. Nxd4 Qd7 26. Nc6 Rb5 27. Nd4 Rb7 28. Re2 Bb4 29. Nxb3 Bxd2 30. Nxd2 Qb5 31. Nf3 Qxa5 32. d4 Qb5 33. Rf2 h6 34. Qg6 Qe8 35. Qd3 a5 36. Qa6 Qf7 37. Qxa5 Nc4 38. Qc3 Rfb8 39. Rcc2 Rb3 40. Qe1 Nxb2 41. Qa1 Nc4 42. Qe1 Ne3 43. Rc1 Qg6 44. Nd2 Rb2 45. Nf3 Rb1 46. Nd2 R1b2 47. Nf3 Qd3 48. Rd2 Rxd2 49. Qxd2 Qxd2 50. Nxd2 Rb2 51. Nf3 Rxg2+ 52. Kh1 Rf2 0-1

[Event "Mercredi 2025.01.08 ABCD"]
[Site "Montreal CAN"]
[Date "2025.01.08"]
[Round "1"]
[White "Chapdelaine, Gwyn"]
[Black "Cardin, Guillaume"]
[Result "1-0"]
[WhiteElo "2194"]
[BlackElo "2092"]
[WhiteFideId "-1"]
[WhiteFideId "-1"]
[PlyCount "45"]
[GameId "2142799102364425"]
[EventDate "2025.01.08"]
[EventType "tourn"]
[EventRounds "5"]
[EventCountry "CAN"]

1. e4 e5 2. Nf3 Nc6 3. Bc4 Bc5 4. c3 Nf6 5. d4 exd4 6. cxd4 Bb4+ 7. Nbd2 Nxe4 8. d5 Ne7 9. O-O Nxd2 10. Nxd2 O-O 11. a3 Bxd2 12. Bxd2 Nf5 13. Bd3 d6 14. Rc1 Nd4 15. Rc4 c5 16. dxc6 Nxc6 17. Qh5 f5 18. Rh4 h6 19. Bxh6 Ne5 20. Bxg7 Qxh4 21. Qxh4 Kxg7 22. Qe7+ Nf7 23. f4 1-0

[Event "Mercredi 2025.01.08 ABCD"]
[Site "Montreal CAN"]
[Date "2025.01.08"]
[Round "1"]
[White "Deboosere, Adam"]
[Black "Gadbois, Patrick"]
[Result "1/2-1/2"]
[WhiteElo "2003"]
[BlackElo "1959"]
[WhiteFideId "-1"]
[WhiteFideId "-1"]
[PlyCount "200"]
[GameId "2142799102495510"]
[EventDate "2025.01.08"]
[EventType "tourn"]
[EventRounds "5"]
[EventCountry "CAN"]

1. d4 e6 2. g3 d5 3. c4 c6 4. Nd2 Nf6 5. Ngf3 Bd6 6. Bg2 Nbd7 7. O-O O-O 8. Qc2 Re8 9. Rd1 h6 10. e4 Nxe4 11. Nxe4 dxe4 12. Qxe4 Nf6 13. Qc2 Bd7 14. Ne5 Rc8 15. b3 Qe7 16. a3 b6 17. Bb2 Red8 18. Nxd7 Nxd7 19. b4 c5 20. dxc5 bxc5 21. b5 Nf6 22. a4 Bc7 23. Bc3 Rxd1+ 24. Rxd1 Rd8 25. a5 Rxd1+ 26. Qxd1 Qd7 27. Qxd7 Nxd7 28. Bc6 Ne5 29. Bxe5 Bxe5 30. b6 axb6 31. a6 Bb8 32. Kf1 Kf8 33. Ke2 Ke7 34. Kd3 Kd6 35. Be8 Ke7 36. Bb5 Kd6 37. Kc3 Ke5 38. Be8 f6 39. Kb3 Kd4 40. Bf7 Ke5 41. Ka4 Kd6 42. Kb5 Kc7 43. Bxe6 Ba7 44. g4 Bb8 45. h4 Ba7 46. h5 Bb8 47. Bg8 Ba7 48. Ka4 Kc6 49. Bf7 Bb8 50. Be8+ Kc7 51. Bb5 Ba7 52. Kb3 Kd6 53. Kc3 Bb8 54. Kd3 Ke5 55. Ke3 Ba7 56. f4+ Kd6 57. Ke4 Ke6 58. Bc6 Bb8 59. Bb7 Ba7 60. Bc8+ Kd6 61. Kf5 Ke7 62. Bb7 Bb8 63. Kg6 Kf8 64. Bc6 Ba7 65. g5 fxg5 66. f5 g4 67. f6 gxf6 68. Kxf6 g3 69. Bg2 Bb8 70. Kf5 Kf7 71. Ke4 Ke6 72. Bh3+ Kd6 73. Kf3 Kc6 74. Bf1 Kd7 75. Bd3 Kc8 76. Be4 Kd7 77. Kg4 Ke6 78. Bd5+ Kf6 79. Bc6 Ke6 80. Bb7 Kf6 81. Bd5 Kg7 82. Kf3 Kf6 83. Kg4 Kg7 84. Kf5 Ba7 85. Bg2 Kf7 86. Ke5 Ke7 87. Bh3 Kd8 88. Kd5 Kc7 89. Bg2 Bb8 90. Bf1 Ba7 91. Ke4 Kd6 92. Kf3 Bb8 93. Kxg3 Kc6+ 94. Kg4 b5 95. cxb5+ Kb6 96. Kf5 Bg3 97. Ke4 Bh4 98. Kd5 Bg5 99. a7 Kxa7 100. Kxc5 Kb8 1/2-1/2